Segundo tratado de gobierno (Registro nro. 5659)

Detalles MARC
000 -LEADER
fixed length control field 01315 a2200205 4500
001 - CONTROL NUMBER
control field 54584
005 - DATE AND TIME OF LATEST TRANSACTION
control field 20260407155820.0
008 - FIXED-LENGTH DATA ELEMENTS--GENERAL INFORMATION
fixed length control field 260407a1959 arg spa d
003 - CONTROL NUMBER IDENTIFIER
control field AR-UNSa-BCEJYS
040 ## - CATALOGING SOURCE
Original cataloging agency AR-UNSa-BCEJYS
Language of cataloging spa
Transcribing agency AR-UNSa-BCEJYS
080 ## - UNIVERSAL DECIMAL CLASSIFICATION NUMBER
Universal Decimal Classification number 321
Common auxiliary subdivision Formas de la organización política. Los estados como poderes políticos
100 1# - MAIN ENTRY--PERSONAL NAME
Personal name Locke, John
245 10 - TITLE STATEMENT
Title Segundo tratado de gobierno
264 #1 - PRODUCTION, PUBLICATION, DISTRIBUTION, MANUFACTURE, AND COPYRIGHT NOTICE
Place of production, publication, distribution, manufacture Buenos Aires :
Name of producer, publisher, distributor, manufacturer Ágora
Date of production, publication, distribution, manufacture, or copyright notice 1959
300 ## - PHYSICAL DESCRIPTION
Extent 174 p.
Dimensions 20,5 cm.
505 ## - FORMATTED CONTENTS NOTE
Formatted contents note 1. Del estado de naturaleza – 2. Del estado de guerra – 3. De la esclavitud – 4. De la propiedad – 5. Del poder parental – 6. De la sociedad política o civil – 7. Del comienzo de las sociedades políticas – 8. De los fines de la sociedad política y del gobierno – 9. De las formas de una nación – 10. De la extensión del poder legislativo – 11. De los poderes legislativo, ejecutivo y federativo de la república – 12. De la subordinación de los poderes de la república – 13. De la prerrogativa – 14. De los poderes paternal, político y despótico considerados en conjunto – 15. De la conquista – 16. De la usurpación – 17. De la tiranía – 18. De la disolución del gobierno.
590 ## - LOCAL NOTE (RLIN)
Local note niveau_biblio:m niveau_hierar:0
700 1# - ADDED ENTRY--PERSONAL NAME
Personal name Calichio, Mario H.
942 ## - ADDED ENTRY ELEMENTS (KOHA)
Koha item type
Existencias
Withdrawn status Lost status Damaged status Not for loan Home library Current library Shelving location Date acquired Total checkouts Full call number Barcode Date last seen Price effective from Koha item type
        Biblioteca Prof. Eusebio Cleto del Rey Biblioteca Prof. Eusebio Cleto del Rey   07/04/2026   321 L814 L20285 07/04/2026 07/04/2026 Libro